000
00315nam a22001337a 4500
003
SGT
082
_a
923.154
_b
I85T
100
_a
TANDAN, P.D
245
_a
INDIRA JI:PATRO AUR MULAKATO KE AAINE ME
260
_a
INDIA
_b
RAJPAL AND SANS
_c
1985
300
_a
119
650
_a
PRIME MINISTER OF INDIA
942
_2
ddc
_c
BK
999
_c
25870
_d
25870